Normal view
MARC view
- Tussié, Ana María
Entry Nombre Personal
001 - NUMERO DE CONTROL
- campo de control: 42023
003 - IDENTIFICADOR DE NUMERO DE CONTROL
- campo de control: UPN
005 - FECHA Y HORA DE LA ÜLTIMA TRANSACCIÓN
- campo de control: 20210219194614.0
008 - DATOS DE LONGITUD FIJA
- campo de control de longitud fija: nabaccnnaabn|||||||||| b |nc|||||d
035 ## - NUMERO DE CONTROL
- Número de control: UPN11000014130
040 ## - FUENTE DE CATALOGACIÓN
- Lenguaje de catalogación: SPA
- Agencia de transcripción: UPN
100 1# - ENCABEZAMIENTO - NOMBRE PERSONAL
- Nombre personal: Tussié, Ana María
670 ## - FUENTE EN LA QUE SE LOCALIZARON DATOS
- Cita de la fuente: T
- Uniform Resource Identifier: https://books.google.com.mx/books?id=JSjSucQdM2wC&pg=PA4&lpg=PA4&dq=Tussi%C3%A9,+Ana+Mar%C3%ADa&source=bl&ots=6gOMjIFVQ6&sig=4xRIcYeEyqBeTkl48eMFh4AlYd8&hl=es-419&sa=X&ved=2ahUKEwj2867dhPXeAhVORKwKHYF_A1gQ6AEwC3oECAMQAQ#v=onepage&q=Tussi%C3%A9%2C%20Ana%20Mar%C3%ADa&f=false
680 ## - NOTA PUBLICA DE ACCESO PÚBLICO
- Frase explicativa de la referencia: Argentina. Profra. de letras, correctora de estilo y narradora oral especializada en literatura infantil y juvenil
902 ## - CATALOGADOR
- Catalogador: EMR/271118
